Isotopes and radiation in agricultural sciences. V 2. Animals plants food and the environment (Record no. 39746)

MARC details
000 -LEADER
fixed length control field 00463nam a2200157Ia 4500
082 ## - DEWEY DECIMAL CLASSIFICATION NUMBER
Classification number 57.088.6:63
Item number LAN.2
100 ## - MAIN ENTRY--AUTHOR NAME
Personal name L'Annunziata, M F
245 #0 - TITLE STATEMENT
Title Isotopes and radiation in agricultural sciences. V 2. Animals plants food and the environment
260 ## - PUBLICATION, DISTRIBUTION, ETC. (IMPRINT)
Place of publication London
Name of publisher Academic
Year of publication 1984
650 ## - SUBJECT ADDED ENTRY--TOPICAL TERM
Topical Term Crop physiology
650 ## - SUBJECT ADDED ENTRY--TOPICAL TERM
Topical Term Food preservation
650 ## - SUBJECT ADDED ENTRY--TOPICAL TERM
Topical Term Isotopes
700 ## - ADDED ENTRY--PERSONAL NAME
Personal name Legg, J O
942 ## - ADDED ENTRY ELEMENTS (KOHA)
Koha item type Books
Holdings
Withdrawn status Lost status Damaged status Not for loan Home library Current library Date acquired Full call number Accession Number Koha item type
        RRII Library RRII Library 16/12/2021 57.088.6:63 LAN.2 20066 Books